00472nam a22001577a 4500008004100000020001500041050002500056100001500081245008500096250002900181260003500210300001000245650001800255650002200273650001900295220822b |||||||| |||| 00| 0 eng d a0801066221 aBV652.25b.H83 2007  aHull, Bill aThe disciple-making pastor :bLeading others on the journey of faith/cBill Hull aRevised and expanded ed. aGrand RapidsbBakerBooksc2007 a317p. aChurch growth aPastoral theology aClergy- office